| 000 | 00313nam a2200109Ia 4500 | ||
|---|---|---|---|
| 005 | 20251222153551.0 | ||
| 008 | 251222s9999||||xx |||||||||||||| ||spa|| | ||
| 082 | _a381/R11 | ||
| 100 | _a"Rabinovich Woloshin, Catalina" | ||
| 245 | 0 | _aEl mercado de capitales como instrumento de la polética económica | |
| 942 | _cLIB | ||
| 999 |
_c30863 _d30863 |
||